|
|
|
|
| LEADER |
00000cam a2200000 7i4500 |
| 001 |
0000004368 |
| 002 |
000004694 |
| 005 |
20000330.0 |
| 020 |
|
|
|a 0875843662
|
| 090 |
0 |
0 |
|a 338.064
|b DAV
|
| 100 |
1 |
|
|a Davenport, Thomas H.
|c 1954-
|
| 245 |
1 |
0 |
|a Process innovation :
|b re engineering work through information technology
|c Thomas H.Davenport
|
| 260 |
|
|
|a Boston :
|b Harvard Business School Press ,
|c 1993
|
| 300 |
|
|
|a 337p. ;
|c 25cm.
|
| 650 |
0 |
0 |
|a Information technology
|
| 650 |
0 |
0 |
|a Organizational change
|
| 650 |
0 |
0 |
|a Production engineering
|
| 650 |
0 |
0 |
|a Technological innovations
|
| 999 |
|
|
|a 032953
|b BUKU
|c PINJAMAN
|e PERPUSTAKAAN KOMUNITI PETALING JAYA
|